[Event "AUT-chT 9596"]
[Site "Vorarlberg"]
[Date "1996.??.??"]
[Round "7"]
[White "Obkircher, C."]
[Black "Haemmerle, Gernot"]
[Result "1/2-1/2"]
[WhiteElo "1925"]
[BlackElo "1830"]
[PlyCount "30"]
[EventDate "1995.??.??"]
[EventType "team-tourn"]
[EventRounds "9"]
[EventCountry "AUT"]
[SourceTitle "EXT 1999"]
[Source "ChessBase"]
[SourceDate "1998.11.16"]
[SourceVersion "1"]
[SourceVersionDate "1998.11.16"]
[SourceQuality "1"]

1. e4 c5 2. Nc3 g6 3. g3 Bg7 4. Bg2 d6 5. d3 Nc6 6. Be3 h5 7. h3 h4 8. g4 Bd7 9. f4 Qa5 10. Nge2 Nd4 11. 0-0 e6 12. Rb1 Ne7 13. b4 Nxe2+ 14. Nxe2 cxb4 15. d4 Rc8 1/2-1/2

[Event "AUT-chT 9596"]
[Site "Vorarlberg"]
[Date "1996.??.??"]
[Round "6"]
[White "Obkircher, C."]
[Black "Tinkhauser, Heinz"]
[Result "1/2-1/2"]
[WhiteElo "1925"]
[BlackElo "1670"]
[PlyCount "76"]
[EventDate "1995.??.??"]
[EventType "team-tourn"]
[EventRounds "9"]
[EventCountry "AUT"]
[SourceTitle "EXT 1999"]
[Source "ChessBase"]
[SourceDate "1998.11.16"]
[SourceVersion "1"]
[SourceVersionDate "1998.11.16"]
[SourceQuality "1"]

1. e4 e5 2. Nf3 Nc6 3. d4 exd4 4. c3 d5 5. exd5 Qxd5 6. cxd4 Bg4 7. Be2 Nf6 8. Nc3 Bb4 9. 0-0 Bxc3 10. bxc3 0-0 11. c4 Qd6 12. d5 Bxf3 13. Bxf3 Ne5 14. Be2 Rfe8 15. Be3 c6 16. Qd4 cxd5 17. Rfd1 Nc6 18. Qb2 d4 19. Bf3 Ne5 20. Qxb7 Rab8 21. Qxa7 Nxf3+ 22. gxf3 Qc6 23. Qxd4 Qxf3 24. Qf4 Qc6 25. Rd6 Qe4 26. c5 Rb1+ 27. Rxb1 Qxb1+ 28. Kg2 Qxa2 29. Qg5 Qa8+ 30. f3 h6 31. Qf4 Qa2+ 32. Kh3 Nd5 33. Rxd5 Qxd5 34. Bd4 Qe6+ 35. Kg3 Qe1+ 36. Bf2 Qe5 37. Qxe5 Rxe5 38. Kf4 f6 1/2-1/2

[Event "AUT-chT 9596"]
[Site "Vorarlberg"]
[Date "1995.??.??"]
[Round "6"]
[White "Hagen, Kurt"]
[Black "Obkircher, C."]
[Result "1-0"]
[WhiteElo "2105"]
[BlackElo "1925"]
[PlyCount "87"]
[EventDate "1995.??.??"]
[EventType "team-tourn"]
[EventRounds "9"]
[EventCountry "AUT"]
[SourceTitle "EXT 1999"]
[Source "ChessBase"]
[SourceDate "1998.11.16"]
[SourceVersion "1"]
[SourceVersionDate "1998.11.16"]
[SourceQuality "1"]

1. e4 d6 2. d4 Nf6 3. Nc3 g6 4. Nf3 Bg7 5. Be2 0-0 6. 0-0 c6 7. a4 a5 8. h3 Na6 9. Re1 Nb4 10. Be3 Qc7 11. Qc1 b6 12. Nd2 Rd8 13. Nf1 Ba6 14. Ng3 e5 15. dxe5 dxe5 16. Bxa6 Nxa6 17. Re2 Qb7 18. Rd2 Nc7 19. Qe1 Ne6 20. Rad1 Rxd2 21. Rxd2 Rd8 22. Rxd8+ Nxd8 23. Qd2 Qd7 24. Qe2 c5 25. Nb5 Ne6 26. c3 Ne8 27. Qd2 Qxd2 28. Bxd2 N8c7 29. Nxc7 Nxc7 30. Be3 Bf8 31. Nf1 b5 32. axb5 Nxb5 33. Nd2 f6 34. f3 Kf7 35. Kf1 a4 36. Nc4 Ke8 37. Ke2 Kd8 38. Kd3 Kc7 39. g4 g5 40. Bc1 Nd6 41. Ne3 Kc6 42. Bd2 Nb5 43. Nd5 Bg7 44. Ne7+ 1-0

[Event "AUT-chT 9596"]
[Site "Vorarlberg"]
[Date "1995.??.??"]
[Round "6"]
[White "Halwachs, Siegfried"]
[Black "Obkircher, C."]
[Result "0-1"]
[WhiteElo "1610"]
[BlackElo "1925"]
[PlyCount "78"]
[EventDate "1995.??.??"]
[EventType "team-tourn"]
[EventRounds "9"]
[EventCountry "AUT"]
[SourceTitle "EXT 1999"]
[Source "ChessBase"]
[SourceDate "1998.11.16"]
[SourceVersion "1"]
[SourceVersionDate "1998.11.16"]
[SourceQuality "1"]

1. e4 d6 2. d4 Nf6 3. Nc3 g6 4. f4 Bg7 5. Nf3 0-0 6. Bc4 c5 7. d5 b5 8. Bd3 c4 9. Bf1 b4 10. Nb1 Nxe4 11. Bxc4 Bb7 12. Nbd2 Nf6 13. Nf1 Nbd7 14. Ne3 Nb6 15. Bb3 a5 16. a4 Rc8 17. f5 Rc5 18. fxg6 hxg6 19. 0-0 Nbxd5 20. Nxd5 Nxd5 21. Ng5 Nf6 22. Be3 Re5 23. Bf4 Rf5 24. Qe1 Qa8 25. Qxe7 Nd5 26. Qxd6 Nxf4 27. Rxf4 Rxg5 28. Rf2 Bxg2 29. h4 Rg4 30. Be6 Rxh4 31. Rxg2 Qa7+ 32. Rf2 fxe6 33. Qxe6+ Kh7 34. Raf1 Bd4 35. Qe2 Rhf4 36. Qd3 Rxf2 37. Qh3+ Kg7 38. Rxf2 Rxf2 39. Kh1 Qb7+ 0-1

[Event "AUT-chT 9596"]
[Site "Vorarlberg"]
[Date "1995.??.??"]
[Round "6"]
[White "Langwieser, Alexander"]
[Black "Obkircher, C."]
[Result "1/2-1/2"]
[WhiteElo "1605"]
[BlackElo "1925"]
[PlyCount "76"]
[EventDate "1995.??.??"]
[EventType "team-tourn"]
[EventRounds "9"]
[EventCountry "AUT"]
[SourceTitle "EXT 1999"]
[Source "ChessBase"]
[SourceDate "1998.11.16"]
[SourceVersion "1"]
[SourceVersionDate "1998.11.16"]
[SourceQuality "1"]

1. e4 d6 2. d4 Nf6 3. f3 g6 4. c4 Bg7 5. Nc3 0-0 6. Be3 c6 7. Qd2 e5 8. Nge2 Nbd7 9. 0-0-0 Qa5 10. Kb1 a6 11. Nd5 Qxd2 12. Nxf6+ Nxf6 13. Rxd2 Be6 14. d5 cxd5 15. cxd5 Bd7 16. Nc3 Rac8 17. Bd3 Nh5 18. Bc2 f5 19. a3 Bf6 20. Na4 Rxc2 21. Rxc2 Bxa4 22. Rc7 Rf7 23. Rhc1 Bd8 24. Rxf7 Kxf7 25. Rc8 Be7 26. Rc7 fxe4 27. fxe4 Bb5 28. Kc2 Nf6 29. Bg5 h6 30. Bxf6 Kxf6 31. Rxb7 h5 32. b3 Bf8 33. a4 Bf1 34. g3 Bg2 35. Kd3 Bf1+ 36. Kc3 Bg2 37. Kd3 Bf1+ 38. Kc3 Bg2 1/2-1/2